01014cam a2200265 a 4500999001500000001000600015003000900021005001700030008004100047020001800088020001500106040002800121082001900149100002100168245007100189260005400260300003900314504005300353505001100406600001800417650005900435942001200494952012100506952012100627 c2624d262419015BD-DhUAP20200226145156.0200226t20072000enka b 001 0 eng  a9780714842875 a0714842877 aDLCcDLCdBD-DhUAPbEng 223a720.92 BUC1 aBuchanan, Peter.10aRenzo Piano Building Workshop :bcomplete works /cPeter Buchanan. aLondon :bPhaidon Press,cc2000 [Reprinted 2007]. avolumes :billustrations ;c31 cm. aIncludes bibliographical references and indexes. aV. 4--10aPiano, Renzo. 0aArchitecture, Moderny20th centuryxDesigns and plans. 2ddccBK 00102ddc4070aUAPCLbUAPCLcGeneral Stacksd2020-02-26o720.92 BUC V-4p3010019015r2020-02-26t1w2020-02-26yBK 00102ddc4070aUAPCLbUAPCLcGeneral Stacksd2020-02-26o720.92 BUC V-4p3010009856r2020-02-26t2w2020-02-26yBK